000 00445nam a2200193Ia 4500
005 20240823023805.0
008 240823s9999||||xx |||||||||||||| ||und||
020 _a978-81-7223-480-5
041 _aENGLISH
082 _A823 P8
100 _a"Sheldon,Sidney"
245 4 _aThe Sands of Time
250 _aIst
260 _c2008
_b"HarperCollins,L"
_aLondon
500 _aYES
650 _aStory
_bEnglish
942 _cBK
999 _c182389
_d182389